Learning and teaching / (Record no. 168641)

MARC details
000 -LEADER
fixed length control field 00609nam a22001937a 4500
005 - DATE AND TIME OF LATEST TRANSACTION
control field 20191018114344.0
010 ## - LCCN (DPL NO)
LC control number ENG-126696
020 ## - INTERNATIONAL STANDARD BOOK NUMBER
International Standard Book Number 9789388028189
Terms of availability 625.00
035 ## - SYSTEM CONTROL NUMBER
System control number EN-110228
037 ## - SOURCE OF ACQUISITION
Source of stock number/acquisition DBAD/PUB
082 ## - DEWEY DECIMAL CLASSIFICATION NUMBER
Classification number 371.102
100 ## - MAIN ENTRY--PERSONAL NAME
Personal name Mangal, S.K.
245 ## - TITLE STATEMENT
Title Learning and teaching /
Statement of responsibility, etc by S.K.Mangal [and] Shubhra Mangal
260 ## - PUBLICATION, DISTRIBUTION, ETC. (IMPRINT)
Place of publication, distribution, etc Delhi
Name of publisher, distributor, etc PHI Learning
Date of publication, distribution, etc 2019
270 ## - ADDRESS
Address Rimjhim House,111, Patparganj Industrial Estate
City Delhi
Postal code 110092
300 ## - PHYSICAL DESCRIPTION
Extent xv;563p.
Dimensions 23cm(pbk)
500 ## - GENERAL NOTE
General note Includes bibliographical references and index
942 ## - ADDED ENTRY ELEMENTS (KOHA)
Source of classification or shelving scheme Dewey Decimal Classification
Item type English Books
Classification part 371.102
Call number suffix MAN
Holdings
Withdrawn status Lost status Not for loan Collection code Home library Current library Date acquired Source of acquisition Cost, normal purchase price Full call number Barcode Copy number Cost, replacement price Koha item type
      Non-fiction Central Library Central Library 18/10/2019 DBAD/PUB 625.00 371.102 MAN EN-110228 1 625.00 English Books

© Delhi Public Library
Hit Counter
free hit counter